Baldur's Gate 3 Illithid Powers - Statistics

General Stats
  • This quiz has been taken 5 times
  • The average score is 8 of 37
Answer Stats
Answer Hint % Correct
Black Hole Class Action
100%
Cull the Weak Toggleable Passive Feature
100%
Charm Reaction
50%
Displace Passive Feature
50%
Favourable Beginnings Passive Feature
50%
Force Tunnel Class Action
50%
Levitate Class Action
50%
Luck of the Far Realms Reaction
50%
Mind Blast Class Action
50%
Mind Sanctuary Class Action
50%
Psionic Backlash Reaction
50%
Repulsor Class Action
50%
Transfuse Health Class Action
50%
Ability Drain Passive Feature
0%
Absorb Intellect Class Action
0%
Augmented Shield of Thralls Class Action
0%
Awakened Passive feature
0%
Concentrated Blast Class Action
0%
Displacer Beast Shape Class Action
0%
Extract Brain Class Action
0%
Fierce Perilous Stakes Class Action
0%
Fly Class Action
0%
Fracture Psyche Class Action
0%
Freecast Toggleable Passive Feature
0%
Illithid Expertise Passive Feature
0%
Illithid Persuasion Passive Feature
0%
Nebulous Black Hole Class Action
0%
Perilous Stakes Class Action
0%
Potent Concentrated Blast Class Action
0%
Psionic Dominance Reaction
0%
Psionic Overload Class Action
0%
Shield of Thralls Class Action
0%
Stage Fright Class Action
0%
Strengthened Force Tunnel Class Action
0%
Survival Instinct Class Action
0%
Synaptic Consumption Class Action
0%
Tentacle Whip Class Action
0%
No matching quizzes found
Score Distribution
Percent of People with Each Score
Percentile by Number Answered
Your Score History
You have not taken this quiz